000 01286nam a2200349 i 4500
001 13654
003 KOSZ 005
005 20191230144052.0
008 080916s1966 pl a f f 000 0 pol
015 _aPB 1966/7868
040 _aWA N
_cWA N
_dKOSZ 005/RW
041 1 _apol
_hrus
080 _a65.01
100 1 _aVentcel', Elena Sergeevna
_d(1907-2002).
_eAutor
245 1 0 _aElementy programowania dynamicznego /
_cElena Wentcel ; tłumaczenie Ryszard Mazur.
246 1 _iTytuł oryginału:
_aĒlementy dinamičeskogo programirowaniâ
260 _aWarszawa:
_bPaństwowe Wydawnictwo Ekonomiczne,
_c1966.
300 _a208, [4] stron :
_bilustracje ;
_c18 cm.
336 _aTekst
_btxt
_2rdacontent
337 _aBez urządzenia pośredniczącego
_bn
_2rdamedia
338 _aWolumin
_bnc
_2rdacarrier
380 _aKsiążki.
504 _aBibliografia na stronie [210].
658 _aMatematyka
658 _aGospodarka, ekonomia, finanse
650 4 _aBadania operacyjne
650 4 _aPlanowanie
700 1 _aMazur, Ryszard.
_eTłumaczenie
710 2 _aPaństwowe Wydawnictwo Ekonomiczne
_4pbl.
856 _uhttp://koha.tu.koszalin.pl/cgi-bin/koha/opac-detail.pl?biblionumber=13654
_yKatalog online BPK
942 _2UKD
_cKS
999 _c13654
_d13654